Statystyki dla Harry Potter - kto to powiedział

Kliknij tutaj aby rozwiązać quiz!

Ogólne statystyki

  • Ten quiz został rozwiązany 382 razy
  • Średni wynik to 9 z 20

Statystyki odpowiedzi

CytatAutor% Poprawnych
"Słyszenie głosów, których nikt inny nie słyszy, nie jest dobrą oznaką, nawet w świecie czarodziejówRon Weasley
78%
"Poza tym świat wcale nie dzieli się na dobrych ludzi i śmierciożerców, bo wszyscy mamy w sobie tyle samo dobra co zła. Tylko od nas zależy, jaką drogą pójdziemy. Taka jest nasza natura"Syriusz Black
74%
"Dumbledore mówi, że ludziom dużo łatwiej wybaczyć innym to, że się mylili, niż mieli rację."Hermiona Granger
72%
„Wyglądasz bardzo zdrowo, Potter, więc wybacz mi, ale nie zwolnię cię z obowiązku odrobienia pracy domowej. Chyba że byś umarł, wtedy możesz śmiało czuć się zwolniony.”
Minerwa McGonagall
Minerwa McGonagall
71%
"Trzeba być bardzo dzielnym, by stawić czoło wrogom, ale tyle samo męstwa wymaga wierność przyjaciołom"Dumbledore
70%
"Na twoim nie ma litery. Chyba uważa, że nie zapominasz swojego imienia. Ale my nie jesteśmy tacy głupi, wiemy, że nazywamy się Gred i Forge."George Weasley
70%
"No bo, mamo, coraz bardziej cię doceniamy, od kiedy musimy sami prać skarpetki".George Weasley
70%
„Moja mama zawsze mówiła, że to, co utracimy, prędzej czy później do nas wróci. Chociaż nie zawsze wtedy, kiedy tego chcemy.”Luna Lovegood
57%
„To, co myślisz, wpływa na to, co widzisz.”Remus Lupin
47%
„Tu nie chodzi o jakieś tam rozdawanie autografów czy robienie sobie zdjęć. Jeśli chcesz być sławny, musisz być przygotowany na długą, ciężką orkę.”Gilderoy Lockhart
45%
"Co ma być to bedzie, a jak już bedzie to trzeba sie z tym zmierzyć"Hagrid
45%
"Wiesz co, gdybyś jeszcze trochę wolniej myślał, to zacząłbyś się cofać"Draco Malfoy
42%
„Nie wiem, gdzie się uczyłeś rozróżniania dobra od zła, Mundungusie, ale wygląda na to, że opuściłeś kilka najważniejszych lekcji.”Molly Weasley
40%
„Co ja ci zawsze powtarzałem? Żebyś nigdy nie ufała niczemu i nikomu, jeśli nie wiesz, gdzie jest jego mózg.”Artur Weasley
34%
„Nie ośmielę się, dyrektorze! Jeśli usiądę przy tym stole, będzie nas trzynaścioro! Nieszczęście murowane! Proszę nigdy nie zapominać, że kiedy trzynaście osób zasiada do stołu, pierwsza, która wstanie, będzie pierwszą, która umrze!”Sybilla Trelawney
34%
„Czasem trzeba być odważnym, żeby pokazać słabość.”Ginny Weasley
23%
"Udało się, dostali w kość, niech żyje Potter nam!
A Voldek gnije w piekle, za którym tęsknił sam! –"
Irytek
22%
"Różdżka nadal w dżinsach? Oba pośladki jeszcze całe? W porządku, idziemy. Locomotor kufer."Tonks
13%
"Nie ma czegoś takiego, jak dobro i zło, jest tylko władza i potęga… I mnóstwo ludzi zbyt słabych, by osiągnąć władzę i potęgę…"Quirrell
8%
"Witajcie, młodzi druhowie! Połechtajcie tego młokosa żelazem, próbuje bezczelnie wedrzeć się do środka"sir Cadogan
6%

Rozkład punktacji

Percentyl według liczby udzielonych odpowiedzi

Procent ludzi z każdym wynikiem

Twoja historia wyników

Nie rozwiązałeś tego quizu